Almost made it! The top 25 MLB players who DIDN'T get 3,000 hits (retired only, did not include active players) - Statistics

General Stats
  • This quiz has been taken 130 times
  • The average score is 7 of 25
Answer Stats
Hint Answer % Correct
2873 Babe Ruth
67%
2935 Barry Bonds
56%
2943 Frank Robinson
51%
2848 Brooks Robinson
50%
2781 Ken Griffey Jr.
45%
2987 Sam Rice
40%
2930 Rogers Hornsby
38%
2876 Mel Ott
36%
2844 Ivan Rodriguez
33%
2927 Al Simmons
30%
2866 Harold Baines
27%
2774 Andre Dawson
24%
2961 Sam Crawford
23%
2877 Omar Vizquel
21%
2743 Al Oliver
18%
2839 Charlie Gehringer
15%
2769 Johnny Damon
15%
2749 Luke Appling
15%
2812 George Sisler
13%
2880 Frankie Frisch
12%
2757 Vada Pinson
11%
2932 Willie Keeler
11%
2884 Zack Wheat
11%
2934 Jake Beckley
10%
2850 Jesse Burkett
8%
No matching quizzes found
Score Distribution
Percent of People with Each Score
Percentile by Number Answered
Your Score History
You have not taken this quiz